<?xml version="1.0" encoding="UTF-8"?>
<marc:record xmlns:marc="http://www.loc.gov/MARC21/slim">
   <marc:leader>00000nam a2200000 a 4500</marc:leader>
   <marc:datafield ind1="1" ind2=" " tag="100">
      <marc:subfield code="a">Stangaciu, Stefan</marc:subfield>
      <marc:subfield code="4">aut</marc:subfield>
      <marc:subfield code="e">Verfasser/-in</marc:subfield>
   </marc:datafield>
   <marc:datafield ind1=" " ind2=" " tag="653">
      <marc:subfield code="a">Apitherapie</marc:subfield>
   </marc:datafield>
   <marc:datafield ind1=" " ind2=" " tag="653">
      <marc:subfield code="a">Bienen</marc:subfield>
   </marc:datafield>
   <marc:datafield ind1=" " ind2=" " tag="653">
      <marc:subfield code="a">Honig</marc:subfield>
   </marc:datafield>
   <marc:datafield ind1=" " ind2=" " tag="653">
      <marc:subfield code="a">Gesundheit</marc:subfield>
   </marc:datafield>
   <marc:datafield ind1=" " ind2=" " tag="653">
      <marc:subfield code="a">Heilkraft</marc:subfield>
   </marc:datafield>
   <marc:datafield ind1="0" ind2="0" tag="245">
      <marc:subfield code="a">Sanft heilen mit Bienen-Produkten</marc:subfield>
   </marc:datafield>
   <marc:datafield ind1="0" ind2="0" tag="245">
      <marc:subfield code="b">So nutzen sie die gesunde Kraft von Honig, Propolis, Gelee Royal &amp; Co.</marc:subfield>
   </marc:datafield>
   <marc:datafield ind1=" " ind2="1" tag="264">
      <marc:subfield code="b">Haug Verlag</marc:subfield>
      <marc:subfield code="c">2000</marc:subfield>
   </marc:datafield>
   <marc:datafield ind1="1" ind2=" " tag="520">
      <marc:subfield code="a">Apitherapie: Natürliche Heilkräfte für Ihre Gesundheit
Seit Jahrtausenden kenn Ärzte die Heilkraft von Bienen-Produkten. Unsere moderne Medizin hat ihren Einsatz geradezu perfektioniert. Damit lassen sich heute über 700 verschiedene Krankheiten erfolgreich behandeln.
Wissenschaftlich belegt sind Heilerfolge sogar bei so schweren Erkrankungen wie Krebs, Arthritis, Asthma usw. Behandelt wird dabei mit Honig, Pollen, Propolis, Gelee Royal, Bienenwachs und Bienengift. Wie diese Produkte wirken und wo Sie sie erhalten, erklärt Ihnen hier leicht verständlich einer der führenden Apitherapie-Spezialisten.</marc:subfield>
   </marc:datafield>
   <marc:datafield ind1="3" ind2=" " tag="024">
      <marc:subfield code="a">3830420315</marc:subfield>
   </marc:datafield>
</marc:record>
